| 000 | 00846nam a2200253 a 4500 | ||
|---|---|---|---|
| 001 | 46404 | ||
| 003 | BD-RjUL | ||
| 005 | 20211209054140.0 | ||
| 008 | 160802s19711965ii b 001 0 eng d | ||
| 035 | _a(BD-RjUL 46522 | ||
| 040 |
_aDLC _cODaWU _dOCoLC _dDLC _dBD-RjUL _beng |
||
| 041 | _aeng | ||
| 082 | 0 | 0 |
_a341 _bFEI 1971 |
| 100 | 1 |
_aFenwick, Charles G. _q(Charles Ghequiere), _d1880-1973. _930707 |
|
| 245 | 1 | 0 |
_aInternational law / _c by Charles G. Fenwick |
| 260 |
_aNew York ; _aBombay : _bAppleton-Century-Crofts; _bVakils, FEffer Simons Private ltd. _c1965 [Indian reprint 1971] |
||
| 300 |
_a 848 p. ; _c25 cm. |
||
| 490 | 0 | _aThe Century political science series | |
| 504 | _a"List of works referred to": p. xxv-l" | ||
| 504 | _aInclude index | ||
| 650 | 0 |
_aInternational law. _930708 |
|
| 942 |
_2ddc _cBK |
||
| 999 |
_c46404 _d46404 |
||